La faune de la France en tableaux synoptiques illustrès / (Record no. 118111)
[ view plain ]
| 000 -LEADER | |
|---|---|
| campo de control de longitud fija | 01391nam a2200265 i 4500 |
| 001 - NÚMERO DE CONTROL | |
| campo de control | 118111 |
| 003 - IDENTIFICADOR DE NÚMERO DE CONTROL | |
| campo de control | ES-MaACL |
| 005 - FECHA Y HORA DE LA ÚLTIMA TRANSACCIÓN | |
| campo de control | 20230906191031.0 |
| 007 - CAMPO FIJO DE DESCRIPCIÓN FÍSICA--INFORMACIÓN GENERAL | |
| campo de control de longitud fija | t| |
| 008 - DATOS DE LONGITUD FIJA--INFORMACIÓN GENERAL | |
| campo de control de longitud fija | 070214m19341935fr r ||||1| fre d |
| 100 0# - ENTRADA PRINCIPAL--NOMBRE DE PERSONA | |
| Nombre de persona | Perrier, Rémy. |
| 9 (RLIN) | 91353 |
| 245 13 - MENCIÓN DEL TÍTULO | |
| Título | La faune de la France en tableaux synoptiques illustrès / |
| Mención de responsabilidad, etc. | Rémy Perrier. |
| 260 ## - PUBLICACIÓN, DISTRIBUCIÓN, ETC. | |
| Lugar de publicación, distribución, etc. | Paris : |
| Nombre del editor, distribuidor, etc. | Delagrave, |
| Fecha de publicación, distribución, etc. | 1934-1935. |
| 300 ## - DESCRIPCIÓN FÍSICA | |
| Extensión | 8 t. : |
| Otras características físicas | il. ; |
| Dimensiones | 21 cm. |
| 505 8# - NOTA DE CONTENIDO CON FORMATO | |
| Nota de contenido con formato | Contiene: Tomo I. Vers et nemathelminthes par Jean Delphy. Tomo II. Arachnides et crustacés avec la collaboration de Lucien Berland et Léon Bertin. Tomo III. Miriapodes avec la collaboration de Casimir Cépède. Tomo IV. Hèmiptères, anoplures, mallophages, lepidoptères avec la collaboration de Lön Bertin et Louis Gaumont. Tomo V-VI. Coléoptères en collaboration avec Jean Delphy. Tomo IX. Bryozoaires, braquiopodes, mollusques, protocardés, amphioxus, tuniciers avec collaboration Paul Fischer, Hervé Harant. Tomo X. Vertébré, poissons, batraciens, reptiles oiseaux, mamiphères par Lön Bertin. |
| 650 #4 - PUNTO DE ACCESO ADICIONAL DE MATERIA--TÉRMINO DE MATERIA | |
| Término de materia o nombre geográfico como elemento de entrada | Fauna- |
| Subdivisión geográfica | Francia. |
| 9 (RLIN) | 163729 |
| 700 1# - ENTRADA AGREGADA--NOMBRE PERSONAL | |
| Nombre de persona | Delphy, Jean. |
| 9 (RLIN) | 43582 |
| 700 1# - ENTRADA AGREGADA--NOMBRE PERSONAL | |
| Nombre de persona | Berland, Lucien. |
| 9 (RLIN) | 28050 |
| 700 1# - ENTRADA AGREGADA--NOMBRE PERSONAL | |
| Nombre de persona | Bertin, León. |
| 9 (RLIN) | 28469 |
| 700 1# - ENTRADA AGREGADA--NOMBRE PERSONAL | |
| Nombre de persona | Cépède, Casimir. |
| 9 (RLIN) | 37433 |
| 700 1# - ENTRADA AGREGADA--NOMBRE PERSONAL | |
| Nombre de persona | Gaumont, Louis. |
| 9 (RLIN) | 56015 |
| 700 1# - ENTRADA AGREGADA--NOMBRE PERSONAL | |
| Nombre de persona | Fischer, Paul. |
| 9 (RLIN) | 51008 |
| 700 1# - ENTRADA AGREGADA--NOMBRE PERSONAL | |
| Nombre de persona | Harant, Hervé. |
| 9 (RLIN) | 61797 |
| 852 ## - LOCALIZACIÓN | |
| Ubicación | ES-MaACL |
| Número de control de estantería | C-6982-89 |
| Estatus retirado | Estado de pérdida | Estado de daño | No para préstamo | Biblioteca de origen | Biblioteca actual | Ubicación en estantería | Fecha de adquisición | Fuente de adquisición | Total de préstamos | Signatura topográfica completa | Código de barras | Visto por última vez | Precio de reemplazo | Tipo de ítem Koha |
|---|---|---|---|---|---|---|---|---|---|---|---|---|---|---|
| Biblioteca del Ateneo de Madrid | Biblioteca del Ateneo de Madrid | Sala Palomar | 17/01/2008 | C-6982-89 | 1123131 | 23/02/2023 | 23/02/2023 | Libro impreso |
